000 00794nam a22002657a 4500
999 _c998
_d998
001 18723
003 BD-DhUAP
005 20210127150157.0
008 200129r20111972enk b 001 0 eng d
020 _a9780195670653
020 _a0195670655
040 _aDLC
_cDLC
_dBD-DhUAP
_bEng
082 0 0 _a340 PAT
_223
100 1 _aPaton, George Whitecross.
245 1 2 _aA textbook of jurisprudence /
_cGeorge Whitecross Paton ; Edited by David P. Derham.
250 _a4th ed.
260 _aIndia :
_bOxford University Press,
_cc1972 [Reprinted 2011].
300 _axvii, 659 pages ;
_c23 cm.
504 _aIncludes bibliographies.
650 0 _aJurisprudence.
700 1 _aDerham, David P.
942 _2ddc
_cBK